000 00420nam a2200169Ia 4500
999 _c181
_d181
003 OSt
005 20210903142120.0
008 190216s9999||||xx |||||||||||||| ||und||
040 _coclc
082 _a297
_bDAR/N
100 _aNull
245 0 _aNadvatul Muhadarat /
_b
260 _bDarul Kuthub Ul I Lmiyyah,
300 _a357p
650 _aArabic
942 _cBK
_2ddc
_h297
_iDAR/N
_k297
_mDAR/N